000
00240nam a2200097Ia 4500
001
1207028
005
20250827022817.0
008
250824s9999 xx 000 0 und d
245
0
_a
YOKUŞ
_c
HEKİMOĞLU İSMAİL
260
_b
TİMAŞ YAYINLARI
999
_c
1207028
_d
1207028